A laboratory manual of milk inspection, / (Record no. 2428)

MARC details
000 -LEADER
fixed length control field 00808cam a22002531 4500
001 - CONTROL NUMBER
control field BD-DhSAU 2428
003 - CONTROL NUMBER IDENTIFIER
control field BD-DhSAU
005 - DATE AND TIME OF LATEST TRANSACTION
control field 20150128125335.0
008 - FIXED-LENGTH DATA ELEMENTS--GENERAL INFORMATION
fixed length control field 801013s1961 ii a rb 001 0 eng
040 ## - CATALOGING SOURCE
Original cataloging agency BD-DhSAU
082 ## - DEWEY DECIMAL CLASSIFICATION NUMBER
Classification number 637.12
Edition number 22
Item number AGL
100 1# - MAIN ENTRY--PERSONAL NAME
Personal name Aggarwala, Amin Chand,
Dates associated with a name 1900-
245 12 - TITLE STATEMENT
Title A laboratory manual of milk inspection,
Statement of responsibility, etc. A. C. Aggarwala and Radhey Mohan Sharma.
250 ## - EDITION STATEMENT
Edition statement 4th ed.
260 ## - PUBLICATION, DISTRIBUTION, ETC. (IMPRINT)
Place of publication, distribution, etc. BOmbay :
Name of publisher, distributor, etc. Asia Pub. House ,
Date of publication, distribution, etc. c1961.
300 ## - PHYSICAL DESCRIPTION
Extent xii, 345 p.
Other physical details ill. ;
Dimensions 25 cm.
504 ## - BIBLIOGRAPHY, ETC. NOTE
Bibliography, etc Include bibliographical references and index.
590 ## - Name of Cataloguer
Name of Cataloger joy
650 #0 - SUBJECT ADDED ENTRY--TOPICAL TERM
Topical term or geographic name as entry element Dairy products
General subdivision Analysis.
650 #0 - SUBJECT ADDED ENTRY--TOPICAL TERM
Topical term or geographic name as entry element Dairy products
General subdivision Testing.
650 #0 - SUBJECT ADDED ENTRY--TOPICAL TERM
Topical term or geographic name as entry element Dairying
General subdivision Laboratory manuals.
650 #0 - SUBJECT ADDED ENTRY--TOPICAL TERM
Topical term or geographic name as entry element Animal husbandry.
700 1# - ADDED ENTRY--PERSONAL NAME
Personal name Sharma, Radhey Mohan,
Dates associated with a name 1919-
Relator term joint author.
942 ## - ADDED ENTRY ELEMENTS (KOHA)
Source of classification or shelving scheme Dewey Decimal Classification
Koha item type Book
Holdings
Withdrawn status Lost status Source of classification or shelving scheme Damaged status Not for loan Home library Branch Name Shelving location Date acquired Total Checkouts Full call number Barcode Date last seen Price effective from Koha item type Collection code
    Dewey Decimal Classification     SAU Library SAU Library General Stacks 24/11/1964   637.12 AGL 1737 28/01/2015 28/01/2015 Book  
    Dewey Decimal Classification     SAU Library SAU Library General Stacks 24/11/1964   637.12 AGL 1733 28/01/2015 28/01/2015 Book  
    Dewey Decimal Classification     SAU Library SAU Library General Stacks 24/11/1964   637.12 AGL 1735 28/01/2015 28/01/2015 Book  
    Dewey Decimal Classification     SAU Library SAU Library General Stacks 24/11/1964   637.12 AGL 1734 28/01/2015 28/01/2015 Book  
    Dewey Decimal Classification     SAU Library SAU Library General Stacks 24/11/1964   637.12 AGL 1740 28/01/2015 28/01/2015 Book  
    Dewey Decimal Classification     SAU Library SAU Library General Stacks 24/11/1964   637.12 AGL 1741 28/01/2015 28/01/2015 Book  
    Dewey Decimal Classification     SAU Library SAU Library General Stacks 23/11/1978   637.12 AGL 1738 28/01/2015 28/01/2015 Book  
    Dewey Decimal Classification   Not For Loan SAU Library SAU Library Reference 24/11/1978   637.12 AGL 1736 30/05/2015 30/05/2015 Book  
    Dewey Decimal Classification   Not For Loan SAU Library SAU Library Reference 31/05/2015   637.12 AGL 1732 31/05/2015 31/05/2015 Book Reference